Представление документа в формате RUSMARC

ПолеНазваниеЗначение
  Тип записи i
  Библиографический уровень m
001 Контрольный номер RU/IS/BASE/482240687
005 Дата корректировки 20201206204942.5
010 Индекс ISBN __
d Цена 121-56
100 Данные общей обработки __
a Данные общей обработки 19150413d2008||||||| 0rusy0189 ca
101 Язык документа 0_
a Язык текста rus
102 Страна публикации __
a Страна публикации ru|
105 Кодированные данные (монография) __
a Кодированные данные (монография) nn|||||||||zy
127 Кодированные данные (звукозаписи-физические характеристики) __
a Продолжительность проигрывания 02 ч 09 мин
200 Заглавие и сведения об ответственности 1_
a Заглавие Этюд в багровых тонах
e Сведения, относящиеся к заглавию [первое дело Шерлока Холмса : радиоспектакль : 12+]
f Первые сведения об ответственности Артур Конан Дойл ; [автор сценария и режиссер Дмитрий Креминский ; звукорежиссер Полина Пискарева ; композитор Марина Макарова ; действующие лица и исполнители: Шерлок Холмс - Игорь Верник и др.]
b Общее обозначение материала Звукозапись
210 Выходные данные __
a Место издания Москва
c Издательство Эксмо-СиДиКом
d Дата издания 2008
215 Физическое описание __
a Объем 1 электрон. опт. диск (Audio CD)
c Иллюстрации/тип воспроизводства mp3, stereo
d Формат 19х14 см
230 Специфическая характеристика материала: электронные ресурсы __
a Обозначение и объем ресурса Электронные звуковые данные
323 Примечание о главных создателях, исполнителях, участниках __
a Примечание о главных создателях, исполнителях, участниках Верник, И. (Шерлок Холмс)
323 Примечание о главных создателях, исполнителях, участниках __
a Примечание о главных создателях, исполнителях, участниках Верник, В. (доктор Ватсон)
323 Примечание о главных создателях, исполнителях, участниках __
a Примечание о главных создателях, исполнителях, участниках Сафиулин, Р. (Грегсон)
323 Примечание о главных создателях, исполнителях, участниках __
a Примечание о главных создателях, исполнителях, участниках Полушкин, П. (Лестрейд)
323 Примечание о главных создателях, исполнителях, участниках __
a Примечание о главных создателях, исполнителях, участниках Жарков, А. (констебль Райт)
323 Примечание о главных создателях, исполнителях, участниках __
a Примечание о главных создателях, исполнителях, участниках Рябков, Н. (Дреббер)
330 Аннотация __
a Аннотация Аудиоверсия первого романа Артура Конан Дойля о прославленном сыщике, в котором Шерлок Холмс только знакомится со своим будущим другом и напарником доктором Ватсоном. А параллельно, пользуясь своим знаменитым дедуктивным методом, распутывает серию таинственных убийств и рассказывает драматическую историю кровавой, но справедливой мести.
333 Примечание о целевом назначении __
a Примечание о целевом назначении 12+. Для детей старше 12 лет
337 Примечание о системных требованиях (электронные ресурсы) __
a Примечание о системных требованиях (электронные ресурсы) Системные требования: MS Windows ; Pentium 100 ; RAM 16 Mb; CD-ROM; SVGA 800x600; звуковая карта; аудиосистемы с поддержкой MP3
606 Тематические рубрики __
a Основная рубрика Художественная литература
606 Тематические рубрики __
a Основная рубрика Литература Европы (произведения)
y Географическая подрубрика Англия
y Географическая подрубрика Великобритания
610 Ключевые слова __
a Ключевые слова английская литература
a Ключевые слова детективные романы
a Ключевые слова детективы
a Ключевые слова доктор Ватсон
a Ключевые слова зарубежная литература
a Ключевые слова иностранная литература
a Ключевые слова литературные герои
a Ключевые слова литературные персонажи
a Ключевые слова тема преступлений
a Ключевые слова тема расследований
a Ключевые слова тема сыска
a Ключевые слова тема сыщиков
a Ключевые слова тема убийств
a Ключевые слова Холмс
a Ключевые слова Шерлок Холмс
686 Индексы других классификаций __
2 Код системы rubbks
a Классификационный индекс 84(4Вел)53-445я04
700 Автор _1
a Фамилия Дойл
b Имя А. К.
f Даты 1859-1930
g Полное личное имя Артур Конан
4 Код отношения 070
702 Вторичная интеллектуальная ответственность _1
a Фамилия Макарова
b Имя М.
4 Код отношения Композитор
4 Код отношения 230
702 Вторичная интеллектуальная ответственность _1
a Фамилия Креминский
b Имя Д.
4 Код отношения Режиссер
4 Код отношения 070
4 Код отношения 690
702 Вторичная интеллектуальная ответственность _1
a Фамилия Пискарева
b Имя П.
4 Код отношения Звукорежиссер
4 Код отношения 570
801 Источник записи _0
a Страна ru
b Организация Муниципальное бюджетное учреждение культуры "Централизованная библиотечная система" г. Сургут (Центральная городская библиотека им. А. С. Пушкина)
c Дата составления 20150413
g Правила каталогизации КиК/Котельникова
801 Источник записи _1
a Страна ru
b Организация Муниципальное бюджетное учреждение культуры "Централизованная библиотечная система" г. Сургут (Центральная городская библиотека им. А. С. Пушкина)
c Дата составления 20150413
g Правила каталогизации КиК/Котельникова
852 Данные о местонахождении __
j Шифр хранения 84(4Вел)53-445я04
i Авторский знак Д 62
901 Тип документа 1_
t Тип документа 0
903 Характеристики (МАРС) __
a Дата передачи 20150413
969 Тип издания __
a Тип издания издание для слепых; аудиокнига
990 Данные о заказе (DOS) __
j Количество экземпляров (DOS) 2
t N записи в КСУ для И/У (DOS) 201504